| 000 | 00801nam a2200193 a 4500 | ||
|---|---|---|---|
| 003 | 0 | ||
| 005 | 20250428101512.0 | ||
| 008 | 050808s19uu xx 00 eng d | ||
| 050 |
_aPHS GV 711.5 _b.B76 2005 |
||
| 100 | _aBrock, Patricia Mary Valdez. | ||
| 245 |
_aAn Evaluation of coach-athlete barriers of Brent International School Manila and Southville International Schools and Colleges / _cPatricia Mary Valdez Brock. |
||
| 260 |
_aLas PiƱas City, Philippines : _bSouthville International School and Colleges, _c2005. |
||
| 300 |
_aviii, 55 pages : _billustrations ; _c28 cm. |
||
| 504 | _aIncludes bibliographical references. | ||
| 650 |
_2Library of Congress Subject Headings _aCoach-athlete relationships. |
||
| 650 |
_aSports _xCoaching _zPhilippines. |
||
| 942 |
_2lcc _cPASS |
||
| 999 |
_c97193 _d97193 |
||